LEADER 01072nam a2200265 i 4500 001 000000225945 003 CaOOAMICUS 005 20131224000000.0 008 131224s2011 it u000 u ita u 013 $a204847 020 $a978-88-7357-534-4 040 $aSeMil$bita 100 1 $aSorge, Bartolomeo,$c .$0(OLS)http://semarc/name/90460 245 10$aNuove prospettive della spiritualità del Sacro Cuore /$cBartolomeo Sorge. 260 $aRoma :$bAdP,$c2011. 300 $a117 p. ;$c22 cm. 490 0 $aAtti 650 4$aSacro Cuore - Culto.$0(OLS)http://semarc/subject/2450 830 0$aAtti.$0(OLS)http://semarc/title/6555 850 $aSeMil 852 $aSeMil$W1$xVenegono$y1$m2C III 607$j176291$B176291$CSeMilBibl$Z2$F187748 $81 961 $aOmaggio: Grampa dott. Cesare 996 $6020$a978-88-7357-534-4$9(OLS)http://semarc/number/227010 996 $6245$aNuove prospettive della spiritualità del Sacro Cuore$9(OLS)http://semarc/title/323599 996 $6260$aRoma :$bAdP$9(OLS)http://semarc/publisher/32136 LEADER 00827nam a2200217 i 4500 001 000000185135 003 CaOOAMICUS 005 20100127000000.0 008 100127s1967 fr u000 u fre u 013 $a163131 040 $aSeMil$bita 100 1 $aCognet, Louis,$d<1917-1970>.$0(OLS)http://semarc/name/11760 245 10$aNewman ou la recherche de la vérité /$cLouis Cognet. 260 $aParis :$bDesclée,$c1967. 300 $a318 p. ;$c19 cm. 600 14$aNewman, John Henry <1801-1890>.$0(OLS)http://semarc/subject/2835 850 $aSeMil 852 $aSeMil$W1$xVenegono$y1$m2X I 232$j135826$B135826$CSeMilBibl$Z2$F147374 $81 961 $aRecupero: Altro 996 $6245$aNewman ou la recherche de la vérité$9(OLS)http://semarc/title/265928 996 $6260$aParis :$bDesclée$9(OLS)http://semarc/publisher/29855